[Event "FIDE World Uni Blitz-D 1st"]
[Site "Tornelo INT"]
[Date "2021.03.13"]
[Round "6.22"]
[White "Morado, Jeth Romy"]
[Black "Silva, Mariana Sofia Teixe"]
[Result "0-1"]
[WhiteElo "2243"]
[BlackElo "1871"]
[PlyCount "132"]
[EventDate "2021.03.13"]
[EventType "swiss (blitz)"]
[EventRounds "10"]
[EventCountry "NET"]
[SourceTitle "EXT 2022"]
[Source "ChessBase"]
[SourceDate "2021.10.06"]
[SourceVersion "1"]
[SourceVersionDate "2021.10.06"]
[SourceQuality "1"]

1. d4 Nf6 2. Bf4 c5 3. e3 g6 4. Nf3 Bg7 5. Be2 0-0 6. 0-0 cxd4 7. exd4 d5 8. Ne5 Nc6 9. Nxc6 bxc6 10. b3 Bf5 11. Nd2 Qb6 12. Nf3 Ne4 13. Bd3 c5 14. Be5 cxd4 15. Bxg7 Kxg7 16. Bxe4 Bxe4 17. Nxd4 e5 18. Ne2 Rac8 19. Rc1 d4 20. Ng3 Bb7 21. Re1 f6 22. h4 Qc6 23. f3 Qd6 24. c4 f5 25. Nf1 Qc5 26. Qe2 e4 27. f4 Rcd8 28. Rcd1 d3+ 29. Qe3 Qd4 30. Qxd4+ Rxd4 31. Ne3 Rfd8 32. Rd2 a5 33. Kf2 Ba6 34. Nd1 a4 35. Ke3 axb3 36. axb3 R4d7 37. Nc3 Rb7 38. Rb1 Rb6 39. Nd5 Rbb8 40. Nc3 Rb6 41. c5 Rbb8 42. b4 Bb5 43. g4 Bc4 44. gxf5 gxf5 45. Ra1 Rxb4 46. Ra7+ Bf7 47. Rg2+ Kf6 48. Ra6+ Ke7 49. Rg7 Rd7 50. c6 Rc7 51. Rxh7 Kd6 52. Rh6+ Kc5 53. Rf6 Rc4 54. Rxf5+ Kb4 55. Na2+ Kb3 56. Rb5+ Kc2 57. Nb4+ Kc3 58. Ra3+ Kb2 59. Ra6 Kc1 60. Ra1+ Kb2 61. Ra6 Kc1 62. Na2+ Kc2 63. Ra3 d2 64. Nb4+ Rxb4 65. Rxb4 d1Q 66. Rd4 Qe1# 0-1

[Event "Asia-ch U20"]
[Site "Surakarta"]
[Date "2019.07.07"]
[Round "7"]
[White "Karthik, Venkataraman"]
[Black "Morado, Jeth Romy"]
[Result "0-1"]
[WhiteElo "2480"]
[BlackElo "2219"]
[PlyCount "59"]
[EventDate "2019.07.02"]
[EventType "swiss"]
[EventRounds "9"]
[EventCountry "INA"]
[SourceTitle "CBM 191 Extra"]
[Source "ChessBase"]
[SourceDate "2019.09.30"]
[SourceVersion "1"]
[SourceVersionDate "2019.09.30"]
[SourceQuality "1"]

1. d4 d5 2. c4 c6 3. Nf3 Nf6 4. Nc3 e6 5. Bg5 dxc4 6. e4 b5 7. e5 h6 8. Bh4 g5 9. Nxg5 hxg5 10. Bxg5 Nbd7 11. g3 Qb6 12. exf6 Bb7 13. Bg2 0-0-0 14. 0-0 c5 15. d5 b4 16. Na4 Qb5 17. a3 Nb8 18. axb4 cxb4 19. Qg4 Bxd5 20. Rfc1 Nc6 21. Bxd5 Rxd5 22. Qxc4 Rd1+ 23. Rxd1 Qxc4 24. Rac1 Qb5 25. Rxc6+ Qxc6 26. Rc1 Kb7 27. Rxc6 Kxc6 28. b3 Bh6 29. h4 Bxg5 30. hxg5 0-1

[Event "PHI-ch"]
[Site "Manila"]
[Date "2017.09.08"]
[Round "4"]
[White "Morado, Jeth Romy"]
[Black "Gomez, John Paul"]
[Result "0-1"]
[WhiteElo "2132"]
[BlackElo "2463"]
[PlyCount "96"]
[EventDate "2017.09.06"]
[EventType "tourn"]
[EventRounds "11"]
[EventCountry "PHI"]
[EventCategory "1"]
[SourceTitle "CBM 180 Extra"]
[Source "ChessBase"]
[SourceDate "2017.10.06"]
[SourceVersion "1"]
[SourceVersionDate "2017.10.06"]
[SourceQuality "1"]

1. d4 d5 2. c4 c6 3. Nf3 Nf6 4. Nc3 dxc4 5. e3 b5 6. a4 b4 7. Nb1 e6 8. Bxc4 Be7 9. 0-0 0-0 10. Qe2 c5 11. b3 Bb7 12. Rd1 Qc7 13. Bb2 Nbd7 14. Nbd2 Rac8 15. Rac1 Qb8 16. a5 Bd6 17. a6 Ba8 18. e4 cxd4 19. Bxd4 e5 20. Be3 Nc5 21. Nh4 g6 22. f3 Nh5 23. g3 Qc7 24. Ng2 Kh8 25. Bh6 Ng7 26. Ne3 f5 27. Nd5 Qb8 28. Nf1 Nce6 29. Qb2 Bc5+ 30. Kh1 Nd4 31. Qg2 Rc6 32. Nfe3 Qc8 33. Nc2 Nde6 34. Ncxb4 fxe4 35. fxe4 Rf2 36. Qh3 Qf8 37. Qg4 Bxb4 38. Nxb4 Qxb4 39. Bxe6 Nxe6 40. Kg1 Rxc1 41. Rxc1 Rc2 42. Rxc2 Qe1+ 43. Kg2 Bxe4+ 44. Kh3 Bxc2 45. Qc4 Qd1 46. Qc8+ Nd8 47. g4 Be4 48. Qc7 Qf3+ 0-1

[Event "Eastern Asia-ch U20"]
[Site "Tagaytay CIty"]
[Date "2017.06.01"]
[Round "6.3"]
[White "Bersamina, Paulo"]
[Black "Morado, Jeth Romy"]
[Result "0-1"]
[WhiteElo "2419"]
[BlackElo "2032"]
[PlyCount "82"]
[EventDate "2017.05.27"]
[EventType "swiss"]
[EventRounds "9"]
[EventCountry "PHI"]
[SourceTitle "EXT 2024"]
[Source "ChessBase"]
[SourceDate "2023.10.10"]
[SourceVersion "1"]
[SourceVersionDate "2023.10.10"]
[SourceQuality "1"]

1. e4 e5 2. Nf3 Nc6 3. Bc4 Bc5 4. b4 Bxb4 5. c3 Ba5 6. d4 exd4 7. Qb3 Qe7 8. 0-0 Nf6 9. Re1 d6 10. e5 0-0 11. exf6 Qxf6 12. Nbd2 dxc3 13. Ne4 Qg6 14. Neg5 Bd7 15. Nxf7 Rxf7 16. Ng5 Raf8 17. Nxf7 Rxf7 18. Qxb7 h6 19. Qb3 Nd4 20. Bxf7+ Qxf7 21. Qxf7+ Kxf7 22. Re4 c5 23. Rb1 Bc6 24. Re3 Bb5 25. f4 a6 26. Kf2 Nf5 27. Re4 Bc6 28. Re2 Bb5 29. Re4 Nd4 30. Re3 c2 31. Rb2 c4 32. a4 Bc6 33. Rb8 d5 34. Ba3 Bd2 35. Rf8+ Kg6 36. Rg3+ Kh7 37. Rf7 Ne6 38. Re7 Bb4 39. Rxe6 Bxa3 40. Rc3 Bxa4 41. Rxa6 Bb2 0-1

[Event "Eastern Asia-ch U20"]
[Site "Tagaytay CIty"]
[Date "2017.05.30"]
[Round "4.2"]
[White "Miciano, John Marvin"]
[Black "Morado, Jeth Romy"]
[Result "1-0"]
[WhiteElo "2284"]
[BlackElo "2032"]
[PlyCount "119"]
[EventDate "2017.05.27"]
[EventType "swiss"]
[EventRounds "9"]
[EventCountry "PHI"]
[SourceTitle "EXT 2024"]
[Source "ChessBase"]
[SourceDate "2023.10.10"]
[SourceVersion "1"]
[SourceVersionDate "2023.10.10"]
[SourceQuality "1"]

1. e4 e5 2. Nf3 Nc6 3. Bb5 a6 4. Ba4 Nf6 5. 0-0 Nxe4 6. d4 b5 7. Bb3 d5 8. dxe5 Be6 9. Nbd2 Nc5 10. c3 Be7 11. Bc2 d4 12. Ne4 d3 13. Nxc5 dxc2 14. Qxd8+ Rxd8 15. Nxe6 fxe6 16. Be3 Rd5 17. Rfc1 Nxe5 18. Nxe5 Rxe5 19. Bd4 Rg5 20. Rxc2 Kf7 21. a4 Rd5 22. axb5 e5 23. Be3 Rhd8 24. Kf1 axb5 25. Ke2 R8d7 26. Ra5 c6 27. b3 Rb7 28. Ra6 Rd6 29. Kf3 Re6 30. Ke4 Kg6 31. Rca2 Bg5 32. Bxg5 Kxg5 33. Ra7 Rxa7 34. Rxa7 Kf6 35. g4 Rd6 36. Rc7 b4 37. g5+ Ke6 38. c4 g6 39. Rxh7 Rd4+ 40. Ke3 Kf5 41. h4 Re4+ 42. Kf3 Rf4+ 43. Kg3 Ke4 44. Rb7 c5 45. Rb6 Rf3+ 46. Kg2 Rf4 47. Rxg6 Rxh4 48. Kg3 Rh1 49. Rf6 Rg1+ 50. Kh4 Kd4 51. Rf3 Ke4 52. Rg3 Rf1 53. g6 Kf4 54. Rg4+ Kf5 55. f3 Rh1+ 56. Kg3 Rh8 57. g7 Rg8 58. Kh4 Kf6 59. Kh5 e4 60. fxe4 1-0